País de agua

Guardat en:
Dades bibliogràfiques
Autor principal: Gutiérrez Rojas, Marisol
Format: Llibre
Idioma:Spanish
Publicat: San José, Costa Rica Editorial Arlekin 1996
Matèries:
Etiquetes: Afegir etiqueta
Sense etiquetes, Sigues el primer a etiquetar aquest registre!

MARC

LEADER 00000nam a22000007a 4500
008 180502b xxu||||| |||| 00| 0 spa d
999 |c 30468  |d 30468 
040 |a cru BVZT 
090 |a 868 G-27v 
100 |a Gutiérrez Rojas, Marisol 
245 |a País de agua  |c Marisol Gutiérrez Rojas 
260 |a San José, Costa Rica  |b Editorial Arlekin  |c 1996 
300 |a 66 páginas 
650 |a LITERATURA COSTARRICENSE  |9 17 
650 |a CUENTOS 
942 |c 15 D  |h 868 G-27v  |2 z